000 01448cam a2200193 4500
001 L130835
008 050902n2005 000 0 eng u
035 _a(Sirsi) u130835
041 0 _aeng
110 _aWales Audit Office
_94758
245 _aRegeneration
_ba simpler approach for Wales
260 _aCardiff
_bWales Audit Office
_c2005
520 _aThe report outlines the results of the 2003-04 baseline assessment of regeneration in all 22 councils in Wales carried out by the Audit Commission in Wales (AciW). The assessment sought to determine if the regeneration process in Wales was effective, efficient and sustainable, to provide guidance to local authorities, the Welsh Assembly Government and other public bodies and to manage and monitor the regeneration process at national and local level.The report also identifies what AciW considered to be the key national issues for regeneration in Wales. Two supplementary reports have been published: "Regeneration in Wales since the 1950's
_btimeline and synopsis" which provides a historical overview of Welsh policies and initiatives and "Notable practice in regeneration" which provides case studies of notable regeneration practice in Wales.
590 _aIKA130905
690 _aPROPERTY-PROPERTY MANAGEMENT-REGENERATION
710 _aCAG Consultants
_9779
856 _uhttps://www.wao.gov.uk/news/news_657.asp
_zView the reports free of charge at www.wao.gov.uk...
942 _n0
999 _c104588
_d104588